000 00775nam a2200253Ia 4500
003 OSt
005 20230824153132.0
008 210716s2005 xx 000 0 und d
020 _a817881532X
040 _cAIMIT LIBRARY
041 _aeng
082 _a368
_21
_bGOPV
100 _aGopal, V V.
_9130903
245 _aCRM in insurance :
_bIntroduction /
_cEdited by V V Gopal.
250 _a1
260 _aHyderabad :
_bICFAI University Press ,
_c2005.
300 _aix,159,6p. ;
_bPB
_c22.6 cm.
650 _aInsurance(368)
_9130904
651 _aInsurers need to try harder with existing
_9130905
651 _aCRM at wesleyan
_9130906
651 _aBusiness intelligence and insurance
_9130907
700 _aGopal, V V.
_9130903
942 _2ddc
_cBK
_e1st
_k368 GOPV
999 _c199645
_d199645